000 00672nam a2200205 i 4500
001 186535
003 SpMaBN
005 20260525062938.0
008 161123s1965 sp |||| |dspa d
080 _a821.124-17"00"
100 1 _aJuvenal, Decio Junio.
_967373
245 1 0 _aSátiras /
_cJuvenal ; [traducción del latín, introducción y notas de Manuel Balasch Recort].
260 _aMadrid :
_bEspasa-Calpe,
_c1965.
300 _a157 p. ;
_c18 cm.
490 1 _aColección austral ;
_v1344
700 1 _aBalasch, Manuel.
_924827
830 0 _aColección austral
_v1344
_9177655
852 _aES-MaACL
_jL-30880
_z. - Donat. Miguel A. Velasco
999 _c186535
_d186535